000 00703nam a2200229Ia 4500
003 OSt
005 20221005114317.0
006 a|||||r|||| 00| 0
007 ta
008 221004b |||||||| |||| 00| 0 eng d
024 _a45405
037 _cTextual
040 _aCRL
_cCRL
_beng
041 _2eng
_aeng
082 _aQ0V1:71, J2 close sec
100 _aFinegan Jack
245 0 _aArcheology of world religions, background of primitivism, Zoraastrianism, Hinduism, Janinism, Buddhism, confucianism, Taoism, Shinto, Islam and Sikhism
260 _c1952
650 _aRELIGION
942 _hQ0V1:71, J2 close sec
_cTEXL
_2cc
999 _c1030924
_d1030924